00331nam a2200121Ia 4500003000400000008004100004020002300045040000800068100002800076245004700104260004800151300001000199LDD181101s9999 xx 000 0 und d a8171600891c100.00 cLDD aShiddiqi, Rasheed Ahmad 0aMazameen-e-RasheedcRasheed Ahmad Shiddiqi aNew DelhibAnjuman Taraqqi Urdu(Hind)c2015 a238p.